Moravcová siedma a ôsma tri svetové (Csehov druhý) a zlaté double Manaudouovej a Ruppratha (za 26 minút)

Bibliographic Details
Format: Article
Language:Slovak
PhysicalDescription:Fotogr.
ISSN:0139-7001
Subjects:

MARC

LEADER 00000nab a2200000 ar4500
001 vtls008419366
003 SK-MaSNL
005 20260303070059.0
008 051219c20051205xo sr|p|||||||000 b|slo
015 |a SNBRB2005/12  |2 snkbucl 
038 |a SNKBUCL 
040 |a SNKBUCL  |b slo  |c SNKBUCL  |e AACR2 
041 0 |a slo 
044 |a xo  |c SK 
080 |a 797.21.093.1  |x (4)  |2 UDC-MRF-SK2 
245 0 0 |a Moravcová siedma a ôsma  |b tri svetové (Csehov druhý) a zlaté double Manaudouovej a Ruppratha (za 26 minút) 
300 |b Fotogr. 
611 2 7 |a Majstrovstvá Európy v plávaní v krátkom bazéne  |d (2005 :  |c Terst, Taliansko)   |2 snkbucl  |9 1067021 
650 0 7 |a plávanie  |2 snkbucl  |9 3241 
773 0 |t Šport  |g Roč. 59, č. 285 (10.12.2005), s. 36  |x 0139-7001 
852 |a SNK  |b KIS3GCP 
999 |c 1753855  |d 1755785